[Event "BL 1516 Hamburger SK - SV Hockenheim"]
[Site "?"]
[Date "2016.04.10"]
[Round "13.3"]
[White "Balogh, Csaba"]
[Black "Ernst, Sipke"]
[Result "1/2-1/2"]
[WhiteElo "2646"]
[BlackElo "2536"]
[PlyCount "48"]
[EventDate "2016.??.??"]

1. e4 e5 2. Nf3 Nc6 3. Bb5 a6 4. Ba4 Nf6 5. O-O Be7 6. d3 d6 7. c3 O-O 8. Re1
b5 9. Bc2 d5 10. Nbd2 d4 11. a4 Bg4 12. h3 Bh5 13. axb5 axb5 14. Rxa8 Qxa8 15.
cxd4 exd4 16. Nb3 Rd8 17. Bf4 Qc8 18. Bb1 Bb4 19. Rf1 Bd6 20. Bg3 Ne5 21. Nbxd4
Nxf3+ 22. Nxf3 Bxg3 23. fxg3 Nxe4 24. g4 Bg6 1/2-1/2

[Event "BL 1516 Hamburger SK - SV Hockenheim"]
[Site "?"]
[Date "2016.04.10"]
[Round "13.4"]
[White "Lampert, Jonas"]
[Black "Baramidze, David"]
[Result "0-1"]
[WhiteElo "2490"]
[BlackElo "2589"]
[PlyCount "86"]
[EventDate "2016.??.??"]

1. d4 Nf6 2. c4 g6 3. Nc3 d5 4. cxd5 Nxd5 5. Bd2 Bg7 6. e4 Nxc3 7. Bxc3 O-O 8.
Qd2 c5 9. d5 Bxc3 10. bxc3 Nd7 11. c4 Nf6 12. Bd3 e5 13. Ne2 Ne8 14. O-O Nd6
15. Nc3 Bd7 16. a4 Qe7 17. Qe3 Rac8 18. Rae1 Rfe8 19. Qd2 Qf6 20. Re2 Qg7 21.
Qe1 Re7 22. f4 Bg4 23. Re3 exf4 24. Rxf4 Bd7 25. e5 Rce8 26. e6 fxe6 27. Ne4
Nxe4 28. Bxe4 Qd4 29. Rh4 Qf6 30. d6 Rf7 31. Bxb7 Bxa4 32. Bf3 Rd7 33. Ra3 Bc2
34. Rc3 Ba4 35. Ra3 Bc2 36. Rc3 g5 37. Rh5 Bg6 38. Bc6 Qd4+ 39. Re3 Rb8 40.
Rxg5 Rxd6 41. Be4 Rb3 42. Rgg3 Rxe3 43. Qxe3 Qd1+ 0-1

[Event "BL 1516 Hamburger SK - SV Hockenheim"]
[Site "?"]
[Date "2016.04.10"]
[Round "13.6"]
[White "Kollars, Dmitrij"]
[Black "Rau, Hannes"]
[Result "1-0"]
[WhiteElo "2465"]
[BlackElo "2476"]
[PlyCount "53"]
[EventDate "2016.??.??"]

1. e4 c5 2. Nf3 Nc6 3. d4 cxd4 4. Nxd4 Nf6 5. Nc3 d6 6. Bg5 Bd7 7. Qd2 Rc8 8.
O-O-O h6 9. Bxf6 gxf6 10. f4 h5 11. Kb1 a6 12. Be2 b5 13. Rhf1 e6 14. Nxc6 Bxc6
15. Bf3 Qb6 16. Ne2 Be7 17. Nd4 Bd7 18. e5 d5 19. exf6 Bxf6 20. Nb3 Qd6 21.
Rfe1 Kf8 22. f5 Rc4 23. fxe6 fxe6 24. h3 Kg7 25. Qe2 a5 26. c3 b4 27. Qxc4 1-0

[Event "BL 1516 Hamburger SK - SV Hockenheim"]
[Site "?"]
[Date "2016.04.10"]
[Round "13.7"]
[White "Boguslavskyy, Oleg"]
[Black "Carlstedt, Jonathan"]
[Result "0-1"]
[WhiteElo "2457"]
[BlackElo "2459"]
[PlyCount "97"]
[EventDate "2016.??.??"]

1. e4 e5 2. Nf3 Nc6 3. Bb5 a6 4. Ba4 Nf6 5. O-O Bc5 6. c3 b5 7. Bb3 d6 8. a4
Bg4 9. h3 Bxf3 10. Qxf3 Na5 11. Bc2 b4 12. d3 Rb8 13. Nd2 O-O 14. Qe2 Re8 15.
Rb1 Qd7 16. Nb3 Bb6 17. Bg5 Qe6 18. Qd1 Nc6 19. a5 Ba7 20. Re1 h6 21. Bh4 Ne7
22. Nd2 bxc3 23. bxc3 Ng6 24. Bg3 Rxb1 25. Bxb1 Rb8 26. Nc4 d5 27. Nxe5 Nxe5
28. exd5 Nxd5 29. Bxe5 Re8 30. c4 Ne3 31. fxe3 Qxe5 32. Qa4 Bxe3+ 33. Kh1 Re7
34. d4 Qg3 35. Re2 g6 36. Qb3 Qf4 37. Qd1 Kf8 38. d5 Qxc4 39. Ba2 Qf4 40. Qb1
Kg7 41. Qe1 h5 42. Bc4 Qxc4 43. Rxe3 Rxe3 44. Qxe3 Kf6 45. Qe1 Qxd5 46. Kg1
Qd4+ 47. Kh1 c5 48. g3 c4 49. Qe8 0-1

[Event "BL 1516 Hamburger SK - SV Hockenheim"]
[Site "?"]
[Date "2016.04.10"]
[Round "13.8"]
[White "Heinemann, Thies"]
[Black "Kuci, Blerim"]
[Result "1-0"]
[WhiteElo "2458"]
[BlackElo "2208"]
[PlyCount "83"]
[EventDate "2016.??.??"]

1. e4 d6 2. d4 Nf6 3. Nc3 g6 4. Be3 Bg7 5. f3 c6 6. Qd2 b5 7. Nd1 e5 8. dxe5
dxe5 9. a4 Qxd2+ 10. Bxd2 bxa4 11. Rxa4 Nfd7 12. Be3 a6 13. Ne2 Bf8 14. Nc1 Nc5
15. Bxc5 Bxc5 16. Nd3 Bd6 17. Ne3 Nd7 18. Nc4 Bc7 19. Na5 c5 20. b3 f5 21. Nf2
Nb6 22. Ra2 O-O 23. Bd3 Be6 24. Ke2 fxe4 25. Bxe4 Nd5 26. Bxd5 Bxd5 27. c4 Bf7
28. Ne4 Bb6 29. Nf6+ Kg7 30. Nd7 Bxa5 31. Rxa5 Rfd8 32. Nxc5 Rdb8 33. Rd1 Rb6
34. Ke3 Rab8 35. Rd3 g5 36. Nd7 Rxb3 37. Nxb8 Rxb8 38. Rxe5 Bxc4 39. Rd6 h6 40.
Re7+ Kf8 41. Rc7 Re8+ 42. Kd4 1-0

[Event "BL 1516 SK Norderstedt - SV Griesheim"]
[Site "?"]
[Date "2016.04.10"]
[Round "13.1"]
[White "Le Roux, Jean-Pierre"]
[Black "Olszewski, Michal"]
[Result "1/2-1/2"]
[WhiteElo "2557"]
[BlackElo "2546"]
[PlyCount "62"]
[EventDate "2016.??.??"]

1. e4 c5 2. Nf3 d6 3. Bb5+ Nd7 4. O-O a6 5. Bd3 Ngf6 6. Re1 e5 7. c3 Be7 8. Bf1
b5 9. a4 Bb7 10. axb5 axb5 11. Rxa8 Qxa8 12. Bxb5 Bxe4 13. d4 O-O 14. Nbd2 Bb7
15. dxe5 Nxe5 16. Bf1 Ng6 17. Nc4 Rd8 18. Bg5 Bxf3 19. Qxf3 Qxf3 20. gxf3 h6
21. Bd2 Rb8 22. Rb1 d5 23. Na5 c4 24. b4 cxb3 25. Rxb3 Ra8 26. c4 dxc4 27. Bxc4
Bd8 28. Nc6 Rc8 29. Bb5 Bb6 30. Kf1 Kh7 31. Ra3 Ne8 1/2-1/2

[Event "BL 1516 SK Norderstedt - SV Griesheim"]
[Site "?"]
[Date "2016.04.10"]
[Round "13.2"]
[White "Trent, Lawrence"]
[Black "Tazbir, Marcin"]
[Result "0-1"]
[WhiteElo "2457"]
[BlackElo "2510"]
[PlyCount "68"]
[EventDate "2016.??.??"]

1. e4 c5 2. Nf3 d6 3. Bb5+ Nd7 4. c3 Ngf6 5. Qe2 a6 6. Ba4 b5 7. Bc2 e5 8. O-O
Be7 9. d4 O-O 10. Bg5 h6 11. Bh4 Nh5 12. Bxe7 Qxe7 13. g3 g6 14. Nbd2 Nb6 15.
Qe3 Kg7 16. dxc5 dxc5 17. b4 Bh3 18. Qxc5 Qxc5 19. bxc5 Bxf1 20. cxb6 Bh3 21.
a4 Rab8 22. a5 Rbc8 23. c4 bxc4 24. Nxe5 Be6 25. Rb1 Rc5 26. f4 Rd8 27. Ndf3
Nf6 28. b7 Rb8 29. Nd4 Rc7 30. Rb6 Rbxb7 31. Rxa6 Bc8 32. Rd6 Rb2 33. Rb6 c3
34. a6 Rxb6 0-1

[Event "BL 1516 SK Norderstedt - SV Griesheim"]
[Site "?"]
[Date "2016.04.10"]
[Round "13.3"]
[White "Krassowizkij, Jaroslaw"]
[Black "Bekker-Jensen, Simon"]
[Result "0-1"]
[WhiteElo "2446"]
[BlackElo "2454"]
[PlyCount "114"]
[EventDate "2016.??.??"]

1. d4 Nf6 2. c4 g6 3. Nc3 Bg7 4. e4 d6 5. Nf3 O-O 6. Be2 Nbd7 7. O-O e5 8. Be3
Qe7 9. Qc2 c6 10. d5 c5 11. Ne1 Kh8 12. Nd3 Ng8 13. Rae1 f5 14. f4 exf4 15.
Nxf4 Ne5 16. Ne6 Bxe6 17. dxe6 f4 18. Bxf4 Qxe6 19. Nb5 Rad8 20. Nxa7 Ra8 21.
Nb5 Rxa2 22. Nc3 Raa8 23. Nd5 Rf7 24. b4 cxb4 25. Nxb4 Rc8 26. Qd1 Nf6 27. Bxe5
Qxe5 28. Nd5 Rcf8 29. Nxf6 Rxf6 30. Qd5 Qb2 31. Rxf6 Bxf6 32. Qd3 Bd4+ 33. Kh1
Rf2 34. Bf3 Rd2 35. Qb1 b6 36. Qxb2 Rxb2 37. Bg4 Rf2 38. h3 h5 39. Be6 Kg7 40.
Bd5 Kf6 41. g3 Kg5 42. Rg1 Be5 43. Rg2 Rf3 44. h4+ Kf6 45. Kh2 g5 46. hxg5+
Kxg5 47. Kh1 Bxg3 48. e5 Rf1+ 49. Rg1 Rxg1+ 50. Kxg1 dxe5 51. Kf1 Kf4 52. Ke2
e4 53. Be6 Ke5 54. Bh3 Kd4 55. Be6 h4 56. Kd2 Bf2 57. Ke2 e3 0-1

[Event "BL 1516 SK Norderstedt - SV Griesheim"]
[Site "?"]
[Date "2016.04.10"]
[Round "13.4"]
[White "Kopylov, Michael"]
[Black "Chabanon, Jean-Luc"]
[Result "1/2-1/2"]
[WhiteElo "2414"]
[BlackElo "2446"]
[PlyCount "40"]
[EventDate "2016.??.??"]

1. d4 d5 2. c4 e6 3. Nf3 Nf6 4. g3 Bb4+ 5. Nbd2 dxc4 6. Qc2 b5 7. a4 c6 8. Bg2
Bb7 9. O-O Nbd7 10. b3 cxb3 11. Nxb3 O-O 12. Rd1 Qe7 13. Bd2 a5 14. axb5 cxb5
15. Nxa5 Be4 16. Qb2 Bxd2 17. Nxd2 Bxg2 18. Kxg2 Qd6 19. Qxb5 Qxd4 20. Nf3 Qc5
1/2-1/2

[Event "BL 1516 SK Norderstedt - SV Griesheim"]
[Site "?"]
[Date "2016.04.10"]
[Round "13.5"]
[White "Jarmula, Lukasz Andrzej"]
[Black "Krause, Benedict"]
[Result "1-0"]
[WhiteElo "2396"]
[BlackElo "2322"]
[PlyCount "55"]
[EventDate "2016.??.??"]

1. e4 c5 2. Nf3 e6 3. d4 cxd4 4. Nxd4 Nc6 5. Nc3 Qc7 6. Be3 a6 7. Qd2 Nf6 8.
O-O-O Bb4 9. f3 Ne7 10. Nde2 h6 11. a3 Ba5 12. Qe1 b5 13. Qf2 Rb8 14. g4 Bb6
15. Nd4 d5 16. Bxb5+ axb5 17. Ncxb5 Qd8 18. e5 Nd7 19. Nd6+ Kf8 20. f4 Ba6 21.
Qg3 Kg8 22. f5 Nxe5 23. Qxe5 Bc7 24. Nxe6 f6 25. Qc3 Ba5 26. Qc5 Qb6 27. b4
Qxc5 28. Nxc5 1-0

[Event "BL 1516 SK Norderstedt - SV Griesheim"]
[Site "?"]
[Date "2016.04.10"]
[Round "13.6"]
[White "Powierski, Emil"]
[Black "Baskin, Robert"]
[Result "0-1"]
[WhiteElo "2317"]
[BlackElo "2340"]
[PlyCount "82"]
[EventDate "2016.??.??"]

1. e4 c5 2. c3 d5 3. exd5 Qxd5 4. d4 Nf6 5. Nf3 Nc6 6. Be3 cxd4 7. cxd4 e6 8.
a3 Be7 9. Nc3 Qd6 10. g3 Nd5 11. Bg2 O-O 12. O-O Nxe3 13. fxe3 Rd8 14. b4 e5
15. d5 e4 16. Nd2 f5 17. Nc4 Qb8 18. Qb3 Ne5 19. Nb5 Nxc4 20. Qxc4 Bd6 21. Nd4
g6 22. Rac1 Bd7 23. Nc6 bxc6 24. dxc6+ Kh8 25. cxd7 Rxd7 26. Rfd1 Qb6 27. Qe6
Qxe3+ 28. Kh1 Rad8 29. Rc8 Kg7 30. Rxd8 Rxd8 31. Qc4 Be7 32. Rxd8 Bxd8 33. a4
h5 34. a5 Bf6 35. b5 Qe1+ 36. Bf1 Qxa5 37. Kg2 Qd2+ 38. Qe2 Qxe2+ 39. Bxe2 h4
40. Bd1 hxg3 41. hxg3 Bd4 0-1

[Event "BL 1516 SK Norderstedt - SV Griesheim"]
[Site "?"]
[Date "2016.04.10"]
[Round "13.7"]
[White "Walter, Stefan"]
[Black "Michna, Christian"]
[Result "1-0"]
[WhiteElo "2400"]
[BlackElo "2276"]
[PlyCount "95"]
[EventDate "2016.??.??"]

1. d4 Nf6 2. c4 g6 3. Nc3 Bg7 4. e4 d6 5. f3 O-O 6. Be3 a6 7. Qd2 Nbd7 8. Nge2
c6 9. a4 a5 10. Rd1 Qc7 11. g3 e5 12. Bg2 exd4 13. Nxd4 Nc5 14. O-O Rd8 15.
Rfe1 b6 16. Bh6 Bh8 17. Nxc6 Qxc6 18. e5 Nb3 19. Qf2 Bb7 20. exf6 Qxc4 21. Qxb6
Qc5+ 22. Be3 Qxb6 23. Bxb6 Rdc8 24. Rxd6 Rc6 25. Red1 Bxf6 26. f4 Rxd6 27. Rxd6
Bxg2 28. Rxf6 Bb7 29. Rd6 Re8 30. Kf2 h5 31. Rd7 Bc6 32. Rd6 Bb7 33. Be3 Na1
34. Rd7 Bh1 35. Rd1 Nc2 36. Bb6 Bc6 37. Rd2 Na1 38. Rd6 Rc8 39. Bxa5 Kg7 40.
Bb6 Bb7 41. Rd8 Rxd8 42. Bxd8 Nb3 43. Ke3 f5 44. Nb5 Bc6 45. Bb6 Kf7 46. Kd3
Ke8 47. Kc2 Na1+ 48. Kc3 1-0

[Event "BL 1516 SK Norderstedt - SV Griesheim"]
[Site "?"]
[Date "2016.04.10"]
[Round "13.8"]
[White "Meyer, Falko"]
[Black "Spitzl, Vinzent"]
[Result "0-1"]
[WhiteElo "2222"]
[BlackElo "2245"]
[PlyCount "100"]
[EventDate "2016.??.??"]

1. d4 d5 2. Bf4 Nf6 3. e3 c5 4. Nc3 e6 5. Nf3 Be7 6. Ne5 O-O 7. Qf3 Nc6 8.
O-O-O Nxe5 9. Bxe5 Nd7 10. Bg3 cxd4 11. exd4 a6 12. Kb1 b5 13. h4 b4 14. Ne2 a5
15. c4 bxc3 16. Nxc3 Ba6 17. Bxa6 Rxa6 18. Qe2 Ra8 19. Nb5 Nf6 20. h5 h6 21. a4
Qd7 22. Rd3 Ne4 23. Bf4 Rfc8 24. g4 Nd6 25. Bxd6 Bxd6 26. g5 hxg5 27. h6 g6 28.
Rf3 Rf8 29. Rf6 Bf4 30. h7+ Kh8 31. Rxf4 gxf4 32. Qe5+ f6 33. Qxf4 Rac8 34. Qg4
g5 35. Rh6 Qc6 36. Nc3 Qd6 37. Qh5 Qe7 38. Qe2 Rf7 39. Ka2 Rxh7 40. Rxh7+ Kxh7
41. Nxd5 Qf7 42. Ne3 Qd7 43. Qd3+ Kg7 44. b3 Rd8 45. d5 exd5 46. Nf5+ Kf7 47.
Nd4 Rh8 48. Nf3 Rh3 49. Qe2 Qe6 50. Qd1 Qf5 0-1

[Event "BL 1516 SG Solingen - SV Hockenheim"]
[Site "?"]
[Date "2016.04.23"]
[Round "14.1"]
[White "Wagner, Dennis"]
[Black "Rapport, Richard"]
[Result "0-1"]
[WhiteElo "2574"]
[BlackElo "2717"]
[PlyCount "114"]
[EventDate "2016.??.??"]

1. d4 d6 2. Nf3 Nf6 3. c4 g6 4. Nc3 Bg7 5. e4 O-O 6. Be2 e5 7. Be3 c6 8. d5 Ng4
9. Bg5 f6 10. Bh4 Nh6 11. O-O Nf7 12. Ne1 Nd7 13. Nd3 c5 14. Rb1 h5 15. f3 Bh6
16. Bf2 a5 17. a3 Nb6 18. b3 Bd7 19. Ne1 Qc7 20. Bd3 Kg7 21. Nc2 Nc8 22. b4 b6
23. Ne3 Ne7 24. Qb3 Rfb8 25. Rfe1 Qd8 26. Qc2 Bg5 27. h4 Bh6 28. Rb2 axb4 29.
axb4 Bxe3 30. Bxe3 g5 31. hxg5 fxg5 32. Reb1 Ng6 33. Bf1 Rc8 34. bxc5 bxc5 35.
Rb7 Rc7 36. Qb2 Rxb7 37. Qxb7 Nf4 38. Qb6 Qf6 39. Qb7 Rd8 40. Ne2 g4 41. fxg4
hxg4 42. Ng3 Qh4 43. Bf2 Qh7 44. Be3 Nh5 45. Nxh5+ Qxh5 46. Bf2 Bc8 47. Qc7 Qh6
48. g3 Rh8 49. Bg2 Ba6 50. Qd7 Qh2+ 51. Kf1 Bxc4+ 52. Ke1 Qh5 53. Kd2 Qg6 54.
Rh1 Rxh1 55. Bxh1 Qh6+ 56. Be3 Qh2+ 57. Kc3 Be2 0-1

[Event "BL 1516 SG Solingen - SV Hockenheim"]
[Site "?"]
[Date "2016.04.23"]
[Round "14.2"]
[White "Ragger, Markus"]
[Black "Saric, Ivan"]
[Result "1-0"]
[WhiteElo "2697"]
[BlackElo "2654"]
[PlyCount "153"]
[EventDate "2016.??.??"]

1. d4 Nf6 2. c4 g6 3. Nc3 Bg7 4. e4 d6 5. Nf3 O-O 6. Be2 e5 7. O-O Nc6 8. dxe5
dxe5 9. Bg5 Qxd1 10. Rfxd1 Bg4 11. h3 Bxf3 12. Bxf3 Nd4 13. Nd5 Nxd5 14. cxd5
c6 15. Rac1 cxd5 16. exd5 e4 17. Be3 exf3 18. Bxd4 Bxd4 19. Rxd4 Rac8 20. Rxc8
Rxc8 21. g4 Kf8 22. d6 Rd8 23. Kh2 f6 24. Kg3 Kf7 25. Kxf3 Rd7 26. Kf4 Ke6 27.
g5 f5 28. Ke3 Rxd6 29. Rxd6+ Kxd6 30. Kd4 b6 31. b4 Ke6 32. f3 Kd6 33. f4 Ke6
34. Kc4 Kd6 35. Kd4 Ke6 36. a3 Kd6 37. a4 a6 38. a5 bxa5 39. bxa5 Kc6 40. Ke5
Kb5 41. Kf6 Kxa5 42. Kg7 Kb5 43. Kxh7 a5 44. Kxg6 a4 45. Kh5 a3 46. g6 a2 47.
g7 a1=Q 48. g8=Q Qd1+ 49. Kh6 Qd3 50. Qb8+ Ka4 51. h4 Qg3 52. Qe8+ Kb3 53. Qe6+
Ka4 54. Qxf5 Qxh4+ 55. Kg6 Ka3 56. Qd3+ Kb2 57. Qd2+ Kb1 58. f5 Qe4 59. Qd1+
Kb2 60. Qd6 Kb1 61. Qb6+ Kc1 62. Qe6 Qg2+ 63. Kf7 Qb7+ 64. Qe7 Qd5+ 65. Kg6 Qd3
66. Qg5+ Kb1 67. Kh6 Qh3+ 68. Kg7 Qc3+ 69. f6 Qd4 70. Kh6 Qd6 71. Qg6+ Ka2 72.
f7 Qf4+ 73. Kg7 Qd4+ 74. Kg8 Qc4 75. Qf5 Ka1 76. Qf6+ Ka2 77. Kh8 1-0

[Event "BL 1516 SG Solingen - SV Hockenheim"]
[Site "?"]
[Date "2016.04.23"]
[Round "14.3"]
[White "Moiseenko, Alexander"]
[Black "Van Kampen, Robin"]
[Result "1/2-1/2"]
[WhiteElo "2667"]
[BlackElo "2643"]
[PlyCount "76"]
[EventDate "2016.??.??"]

1. d4 Nf6 2. c4 g6 3. Nc3 Bg7 4. e4 d6 5. Bd3 O-O 6. Nge2 c5 7. d5 e6 8. Bg5 h6
9. Bh4 exd5 10. Nxd5 Nc6 11. O-O g5 12. Bg3 Nxd5 13. exd5 Nb4 14. Nc3 f5 15. f4
Nxd3 16. Qxd3 a6 17. a4 Qf6 18. Ne2 Bd7 19. Be1 Rae8 20. Bc3 Qe7 21. Bxg7 Qxg7
22. b3 Re4 23. Nc3 Rd4 24. Qg3 Rxf4 25. Rxf4 gxf4 26. Qxg7+ Kxg7 27. Ne2 Re8
28. Nxf4 Re3 29. Rb1 Kf6 30. Kf2 Rc3 31. Rb2 b5 32. Ne2 Rd3 33. axb5 axb5 34.
g3 Ke5 35. Nf4 Rd4 36. Ne2 Rd3 37. Nf4 Rd4 38. Ne2 Rd3 1/2-1/2

[Event "BL 1516 SG Solingen - SV Hockenheim"]
[Site "?"]
[Date "2016.04.23"]
[Round "14.4"]
[White "Smeets, Jan"]
[Black "Buhmann, Rainer"]
[Result "1/2-1/2"]
[WhiteElo "2604"]
[BlackElo "2645"]
[PlyCount "109"]
[EventDate "2016.??.??"]

1. e4 e6 2. d4 d5 3. Nc3 Nf6 4. Bg5 Bb4 5. exd5 Qxd5 6. Bxf6 gxf6 7. Qd2 Bxc3
8. Qxc3 Nc6 9. Nf3 Rg8 10. g3 Bd7 11. Bg2 Qe4+ 12. Kf1 O-O-O 13. Qc5 Be8 14.
Re1 Qg4 15. h3 Qg7 16. Kg1 Kb8 17. c3 b6 18. Qa3 f5 19. Qa6 f4 20. g4 h5 21. g5
Rd5 22. Kh2 Nd8 23. Rhg1 Bc6 24. Ne5 Ra5 25. Qe2 Bxg2 26. Rxg2 f6 27. Nf3 fxg5
28. Ne5 Qh7 29. b4 Rd5 30. Qe4 Qxe4 31. Rxe4 f3 32. Rg3 c5 33. bxc5 bxc5 34.
Rxf3 Kc7 35. Kg2 Rg7 36. Rf8 cxd4 37. cxd4 Rd6 38. Rh8 h4 39. Rf8 Nc6 40. Nf3
Rd5 41. Rg4 Ra5 42. Nxh4 Nxd4 43. Rxd4 gxh4+ 44. Rg4 Rxg4+ 45. hxg4 Kd6 46. Kh3
Ke7 47. Rf4 Rxa2 48. Kxh4 Ra5 49. Rc4 Kf6 50. f4 Ra1 51. Rc6 a5 52. Ra6 a4 53.
f5 Re1 54. fxe6 Rxe6 55. Rxa4 1/2-1/2

[Event "BL 1516 SG Solingen - SV Hockenheim"]
[Site "?"]
[Date "2016.04.23"]
[Round "14.5"]
[White "Baramidze, David"]
[Black "Sandipan, Chanda"]
[Result "1/2-1/2"]
[WhiteElo "2589"]
[BlackElo "2585"]
[PlyCount "74"]
[EventDate "2016.??.??"]

1. Nf3 d5 2. c4 c6 3. e3 Nf6 4. Nc3 e6 5. d4 Nbd7 6. Qc2 Bd6 7. Bd3 O-O 8. O-O
dxc4 9. Bxc4 b5 10. Bd3 Bb7 11. Ng5 h6 12. Nge4 Be7 13. Nxf6+ Nxf6 14. a3 Rc8
15. b4 a5 16. Rb1 axb4 17. axb4 Nd5 18. Nxd5 Qxd5 19. Be4 Qd7 20. Bd2 Ra8 21.
Ra1 Rxa1 22. Rxa1 Ra8 23. Rxa8+ Bxa8 24. Qa2 Bb7 25. h3 Bd6 26. Qa7 Qc7 27. f4
Kf8 28. Bf3 Ke8 29. h4 g6 30. h5 gxh5 31. Bxh5 Kd8 32. e4 Qe7 33. Qa3 Qh4 34.
Qh3 Qxh3 35. gxh3 f5 36. Kf2 Be7 37. e5 Bc8 1/2-1/2

[Event "BL 1516 SG Solingen - SV Hockenheim"]
[Site "?"]
[Date "2016.04.23"]
[Round "14.6"]
[White "Nikolic, Predrag"]
[Black "Banusz, Tamas"]
[Result "1/2-1/2"]
[WhiteElo "2622"]
[BlackElo "2619"]
[PlyCount "62"]
[EventDate "2016.??.??"]

1. d4 d5 2. c4 c6 3. Nc3 Nf6 4. e3 e6 5. Nf3 a6 6. Bd2 c5 7. cxd5 exd5 8. dxc5
Bxc5 9. Rc1 O-O 10. Bd3 Ba7 11. Ne2 Ne4 12. Nfd4 Qg5 13. Bxe4 dxe4 14. Bc3 Nd7
15. h4 Qg4 16. Ng3 Ne5 17. Qxg4 Bxg4 18. O-O Rfe8 19. Rc2 Bxd4 20. Bxd4 Nc6 21.
Bb6 Rac8 22. Rfc1 f6 23. a3 Bd7 24. Rc5 g6 25. Rd1 Bg4 26. Rdc1 f5 27. Kh2 Re6
28. Rf1 Rd6 29. Ba5 Bd1 30. Re1 Re8 31. Bc7 Rd7 1/2-1/2

[Event "BL 1516 SG Solingen - SV Hockenheim"]
[Site "?"]
[Date "2016.04.23"]
[Round "14.8"]
[White "Naumann, Alexander"]
[Black "Boguslavskyy, Oleg"]
[Result "1-0"]
[WhiteElo "2555"]
[BlackElo "2457"]
[PlyCount "83"]
[EventDate "2016.??.??"]

1. e4 c5 2. Nf3 Nc6 3. Bb5 g6 4. Bxc6 dxc6 5. d3 Bg7 6. h3 Nf6 7. Nc3 Nd7 8.
Be3 e5 9. Qd2 h6 10. O-O Qe7 11. Nh2 Nf8 12. f4 exf4 13. Bxf4 Ne6 14. Bg3 Nd4
15. Rae1 O-O 16. e5 Bf5 17. Ne4 Bxe4 18. Rxe4 Nf5 19. Bf4 Kh7 20. Nf3 Rad8 21.
Qf2 Qe6 22. Qxc5 Qxa2 23. g4 b6 24. Qxc6 Ne7 25. Qc4 Qxc4 26. Rxc4 Nd5 27. Bd2
f6 28. exf6 Bxf6 29. c3 Be7 30. Re4 Bc5+ 31. d4 Bd6 32. c4 Ne7 33. b4 Nc6 34.
c5 bxc5 35. dxc5 Be7 36. Re6 Rf6 37. Rxf6 Bxf6 38. b5 Nd4 39. b6 axb6 40. cxb6
Rd6 41. b7 Rb6 42. Be3 1-0

[Event "BL 1516 SG Turm Trier - SV Griesheim"]
[Site "?"]
[Date "2016.04.23"]
[Round "14.1"]
[White "Tazbir, Marcin"]
[Black "Erdos, Viktor"]
[Result "1/2-1/2"]
[WhiteElo "2510"]
[BlackElo "2577"]
[PlyCount "52"]
[EventDate "2016.??.??"]

1. e4 e5 2. Nf3 Nc6 3. Bb5 a6 4. Ba4 Nf6 5. O-O Be7 6. Re1 b5 7. Bb3 d6 8. c3
O-O 9. h3 Bb7 10. d4 Re8 11. Nbd2 exd4 12. cxd4 Nd7 13. Nf1 Na5 14. Bc2 Bf6 15.
N1h2 c5 16. d5 Nc4 17. Rb1 Nce5 18. Nxe5 Nxe5 19. f4 Nd7 20. Nf3 g6 21. Bd2 Bg7
22. Kh2 a5 23. Bc3 Bh6 24. Bd2 Bg7 25. Bc3 Bh6 26. Bd2 Bg7 1/2-1/2

[Event "BL 1516 SG Turm Trier - SV Griesheim"]
[Site "?"]
[Date "2016.04.23"]
[Round "14.2"]
[White "Lupulescu, Constantin"]
[Black "Krassowizkij, Jaroslaw"]
[Result "1/2-1/2"]
[WhiteElo "2624"]
[BlackElo "2446"]
[PlyCount "79"]
[EventDate "2016.??.??"]

1. d4 Nf6 2. c4 g6 3. Nc3 d5 4. Bf4 Bg7 5. e3 O-O 6. Rc1 Be6 7. c5 c6 8. Bd3 b6
9. b4 a5 10. Na4 Nfd7 11. b5 bxc5 12. dxc5 Ne5 13. Bxe5 Bxe5 14. b6 Bg7 15. Ne2
Bd7 16. e4 f5 17. exd5 cxd5 18. Qb3 e6 19. O-O Nc6 20. Rfd1 Nb4 21. Nac3 Qe8
22. a4 Rc8 23. Nb5 Be5 24. f4 Bb8 25. Bb1 g5 26. Qe3 gxf4 27. Nxf4 Bxf4 28.
Qxf4 Bxb5 29. axb5 Qxb5 30. Qe5 Qd7 31. Rc3 f4 32. Rdc1 Nc6 33. Qh5 e5 34. Rd3
Nb4 35. Ra3 e4 36. Qg5+ Kh8 37. Qe5+ Kg8 38. Qg5+ Kh8 39. Qe5+ Kg8 40. Qg5+
1/2-1/2

[Event "BL 1516 SG Turm Trier - SV Griesheim"]
[Site "?"]
[Date "2016.04.23"]
[Round "14.3"]
[White "Izsak, Gyula"]
[Black "Parligras, Mircea-Emilian"]
[Result "1-0"]
[WhiteElo "2440"]
[BlackElo "2586"]
[PlyCount "93"]
[EventDate "2016.??.??"]

1. d4 Nf6 2. c4 e6 3. Nf3 b6 4. g3 Ba6 5. Qc2 c6 6. Bg2 d5 7. cxd5 cxd5 8. O-O
Bd6 9. Nc3 O-O 10. Bg5 Nbd7 11. Qa4 Bb7 12. Nd2 h6 13. Bxf6 Nxf6 14. Rac1 a6
15. Qb3 b5 16. e4 b4 17. e5 bxc3 18. Rxc3 Rb8 19. exd6 Qxd6 20. Qa3 Qb6 21. Nb3
Ne4 22. Rc2 Bc6 23. Rfc1 Bb5 24. Nc5 Nd6 25. Qc3 Rfc8 26. b3 a5 27. a4 Be8 28.
Qd2 Rc6 29. Bf1 Rbc8 30. Bd3 Rb8 31. Qe3 Rbc8 32. Qd2 Nb7 33. Nxb7 Qxb7 34.
Rxc6 Bxc6 35. Qxa5 Rb8 36. Rc3 Bd7 37. Bf1 Be8 38. Qc5 f6 39. a5 e5 40. a6 Qd7
41. Qc7 Ra8 42. Qxd7 Bxd7 43. Rc7 Bf5 44. dxe5 fxe5 45. a7 Kh7 46. Bb5 d4 47.
Bc6 1-0

[Event "BL 1516 SG Turm Trier - SV Griesheim"]
[Site "?"]
[Date "2016.04.23"]
[Round "14.4"]
[White "Haslinger, Stewart G"]
[Black "Farago, Ivan"]
[Result "1-0"]
[WhiteElo "2516"]
[BlackElo "2389"]
[PlyCount "119"]
[EventDate "2016.??.??"]

1. e4 e6 2. d4 d5 3. Nd2 Nf6 4. e5 Nfd7 5. Bd3 c5 6. c3 Nc6 7. Ne2 Qb6 8. Nf3
cxd4 9. cxd4 f6 10. exf6 Nxf6 11. O-O Bd6 12. b3 Qc7 13. Bb2 O-O 14. Ng3 Bd7
15. Re1 Qb6 16. Ng5 Rae8 17. Nh5 Re7 18. Nxf6+ gxf6 19. Nxh7 Rxh7 20. Bxh7+
Kxh7 21. Re3 Kg7 22. Qg4+ Kf7 23. Rh3 Ke7 24. Rh7+ Rf7 25. Rxf7+ Kxf7 26. Qh5+
Kg7 27. Bc1 Kf8 28. Qh8+ Kf7 29. Bh6 Qd8 30. Qh7+ Ke8 31. Qg6+ Ke7 32. Qh7+ Ke8
33. Bg7 Bc8 34. Qg6+ Kd7 35. Bxf6 Be7 36. Qg7 Qf8 37. Qxf8 Bxf8 38. f4 Ke8 39.
Kf2 Kf7 40. Be5 Bd7 41. Rc1 Ke7 42. h4 Be8 43. g4 Bg6 44. b4 a6 45. a4 Bd3 46.
Ke3 Bc4 47. Rb1 Kf7 48. b5 axb5 49. axb5 Nxe5 50. fxe5 Be7 51. g5 Kg6 52. b6
Kh5 53. Rg1 Bf8 54. Ra1 Bb5 55. Ra8 Be7 56. Rh8+ Kg6 57. Rh6+ Kf7 58. g6+ Kf8
59. Rh8+ Kg7 60. Rh7+ 1-0

[Event "BL 1516 SG Turm Trier - SV Griesheim"]
[Site "?"]
[Date "2016.04.23"]
[Round "14.5"]
[White "Jarmula, Lukasz Andrzej"]
[Black "Gonda, Laszlo"]
[Result "1-0"]
[WhiteElo "2396"]
[BlackElo "2521"]
[PlyCount "83"]
[EventDate "2016.??.??"]

1. e4 e5 2. Nf3 Nc6 3. Bb5 a6 4. Ba4 Nf6 5. O-O Be7 6. Re1 b5 7. Bb3 d6 8. c3
O-O 9. h3 Na5 10. Bc2 c5 11. d4 Qc7 12. d5 Bd7 13. b3 Rfe8 14. a4 g6 15. Nbd2
Nh5 16. axb5 axb5 17. Nf1 Bf6 18. Ng3 Nf4 19. Be3 Bg7 20. Ra2 Rec8 21. Ne2 Nb7
22. Qa1 Qd8 23. Nxf4 exf4 24. Bd2 b4 25. Rxa8 Rxa8 26. Qc1 bxc3 27. Bxf4 Qb6
28. Bh6 f6 29. Bxg7 Kxg7 30. Re3 Qb4 31. Bd1 Re8 32. Ne1 Na5 33. Qc2 f5 34. e5
Rxe5 35. Nd3 Rxe3 36. fxe3 Qb6 37. Qxc3+ Kg8 38. Nf4 Nb7 39. Ne6 Bxe6 40. dxe6
Qd8 41. Bf3 d5 42. e7 1-0

[Event "BL 1516 SG Turm Trier - SV Griesheim"]
[Site "?"]
[Date "2016.04.23"]
[Round "14.6"]
[White "Seger, Ruediger"]
[Black "Walter, Stefan"]
[Result "1-0"]
[WhiteElo "2364"]
[BlackElo "2400"]
[PlyCount "87"]
[EventDate "2016.??.??"]

1. e4 e5 2. Nf3 Nc6 3. d4 exd4 4. Nxd4 Nf6 5. Nc3 Bb4 6. Nxc6 bxc6 7. Bd3 d5 8.
exd5 O-O 9. O-O cxd5 10. h3 c6 11. Qf3 Bd6 12. Bf4 Rb8 13. b3 Rb7 14. Ne2 Re8
15. Rfd1 Bxf4 16. Nxf4 Rbe7 17. c4 Qa5 18. cxd5 cxd5 19. Bf1 Re5 20. b4 Qb6 21.
Rac1 Bb7 22. Qc3 Re4 23. Nd3 Rc4 24. Qa3 Rxc1 25. Rxc1 Ne4 26. Nc5 Bc8 27. Nxe4
dxe4 28. Qc3 Bb7 29. a4 e3 30. fxe3 Rxe3 31. Qc5 g6 32. a5 Qxc5 33. Rxc5 Re7
34. Kf2 Kg7 35. g3 Kf6 36. Be2 h6 37. h4 g5 38. hxg5+ hxg5 39. b5 Re5 40. Rxe5
Kxe5 41. a6 Bd5 42. Bf3 f5 43. b6 Kd6 44. Bxd5 1-0